| 000 | 02002cam a22005294i 4500 | ||
|---|---|---|---|
| 003 | PE-LiUPU | ||
| 005 | 20250731172931.0 | ||
| 008 | 170621s2013 maua rb 001 0 eng d | ||
| 020 | _a9004255230 | ||
| 020 | _a9789004255234 | ||
| 035 | _a(Sirsi) a204445 | ||
| 040 |
_aPE-LiUPU _bspa _cPE-LiUPU _erda |
||
| 049 | _aPRUA | ||
| 082 | 0 | 4 |
_a200.94 _bS5 _223 |
| 245 | 0 | 0 |
_aSites and politics of religious diversity in southern Europe : _bthe best of all gods / _cedited by Jose Mapril, Ruy Llera Blanes. |
| 264 | 1 |
_aLeiden ; _aBoston : _bBrill, _c2013. |
|
| 300 |
_avii, 403 páginas : _bilustraciones ; _c25 centimetros. |
||
| 336 |
_atext _2rdacontent |
||
| 337 |
_aunmediated _2rdamedia |
||
| 338 |
_avolume _2rdacarrier |
||
| 490 | 0 |
_aInternational studies in religion and society ; _vv. 19 |
|
| 504 | _aBibliografía : páginas al final de cada capítulo. | ||
| 504 | _aÍndices: páginas 307-403. | ||
| 505 | 0 | _aTransnational religious imaginaries -- (Re)claming space -- An epilogue. | |
| 526 | _aSEG42 | ||
| 526 | _aSEG41 | ||
| 526 | _aSEG40 | ||
| 526 | _aSEG39 | ||
| 526 | _aP94 | ||
| 526 | _aP87 | ||
| 526 | _aP86 | ||
| 526 | _aP85 | ||
| 526 | _aP77 | ||
| 526 | _aP76 | ||
| 526 | _aP35 | ||
| 650 | 0 |
_aPluralismo religioso _zEuropa. |
|
| 650 | 7 |
_aPluralismo religioso. _2fast _0(OCoLC)fst01094200 _95765 |
|
| 700 | 1 |
_aGarcía-Arenal, Mercedes _eeditor. |
|
| 700 | 1 |
_aMapril, Jose _eeditor. |
|
| 910 |
_ajck _bjvq _cjpc _d20170621 |
||
| 942 |
_2ddc _cBOOK |
||
| 949 |
_a200.94 S5 _wDEWEY _c1 _i76248 _lCATALOGING _mBUL _p88.00 _r0 _sY _tBOOK _u2017-06-21 _xTEOLOGÍA _zTEOLOGÍA _0COMPRA _o.CIRCNOTE. El documento es de alto precio. _o.STAFF. Colección Teología |
||
| 994 |
_aC0 _bPEPRU |
||
| 596 | _a1 | ||
| 999 |
_a200.94 S5 _wDEWEY _c20796 _i76248 _f2021-11-9 _g4 _lCCODEBUL1 _mBUL _p88.00 _r0 _sY _tBOOK _u2017-6-21 _xTEOLOGIA _PP35 _0COMPRA _o.STAFF. Colección Teología _d20796 |
||
| 980 |
_81 _gALBERTO SANCHEZ Responsable de Automatización |
||